01002 2200229 4500001002100000005001500021007000300036008004100039020002200080035002000102082001000122084001600132100004800148245009500196250002600291260006000317300005000377520027500427650001700702700003600719990001700755INLIS00000000000033520260504081913ta260504 j 1 ind  a978-602-367-782-5 a0010-0323000229 a741.5 a741.5 SAA s0 aSaahirah Alilatulbariza Afaat ( Pengarang )1 aSerunya Unboxing :bnext g /cSaahirah Alilatulbariza Afaat ; penyunting, Wiwit Wijiastuti a-Cet.I, November 2019 aBandung :bMuffin Granphics ( PT Mizan Pustaka ),c2019 a100 :bilus. ; gambar hitam putih ;c21 cme- aKakak dan Adik punya rencana untuk membuat video unboxing dari mainan yang saat ini sedang hits di kalangan anak-anak. Mereka sampai serius menabung agar bisa mengumpulkan berbagai koleksi mainan untuk di-unboxing. Yuk, kita lihat keseruan mereka membuat vidoe unboxing! 4aKomik,Bacaan0 aWiwit Wijiastuti ( Penyunting ) a00037/0/2020